| 000 | 00760nam a2200229 a 4500 | ||
|---|---|---|---|
| 001 | 000023554 | ||
| 005 | 20200930022314.0 | ||
| 008 | 101213s1989 cu r 000 j spa d | ||
| 040 |
_aDO-SdBNP _bspa _cBNPHU |
||
| 082 |
_aCu 863.44 _bJ88c |
||
| 245 | 0 | 0 |
_aJoyas de la ciencia ficción / _cselección, prólogo y notas ded Daína Chaviano ; edición de Ricardo Gómez López. |
| 260 |
_aLa Habana : _bGente Nueva, _c1989. |
||
| 300 |
_a257, [3] p. ; _c18 cm. |
||
| 490 | 1 | _aSuspenso | |
| 504 | _aIncluye notas al pie de las páginas. | ||
| 650 | 4 |
_aCuentos cubanos _91482 |
|
| 650 | 4 |
_aLiteratura cubana _91483 |
|
| 700 | 1 |
_aChaviano, Daína, _epról. _948553 |
|
| 700 | 1 |
_aGómez López, Ricardo, _eed. _948554 |
|
| 830 | 0 |
_aSuspenso _948555 |
|
| 049 | _aBNGR | ||
| 999 |
_c23050 _d23050 |
||